Vplyv dátovej štruktúry použitej pre ukladanie dát grafu na exekučnú efektívnosť metód hľadajúcich v ňom najkratšie cesty pomocou Dijkstrovho algoritmu

Salvato in:
Dettagli Bibliografici
Autore principale: Košťál, Igor, 1962-
Natura: Capitolo di libro
Lingua:inglese
Soggetti:
Tags: Aggiungi Tag
Nessun Tag, puoi essere il primo ad aggiungerne!!

MARC

LEADER 00000naa$a2200000$$$4500
001 0270754
005 20240502074239.7
041 0 |a eng 
044 |a SK 
245 1 0 |a Vplyv dátovej štruktúry použitej pre ukladanie dát grafu na exekučnú efektívnosť metód hľadajúcich v ňom najkratšie cesty pomocou Dijkstrovho algoritmu  |c Igor Košťál 
500 |a abstrakt 
610 2 0 |a dáta 
610 2 0 |a štruktúra dát 
610 2 0 |a grafy 
610 2 0 |a algoritmy 
100 1 |a Košťál, Igor, 1962-